000 00757nam a2200265Ia 4500
001 Para_5269
003 CHAP
008 220125s1920 xx 000 0 und d
010 _a203741
040 _cCHAP
090 _aPA FOLLETO 2610
100 _aWildermuth, V. L
_9121922
245 _aThe alfalfa caterpillar /
_c V. L. Wildermuth
260 _aWashington :
_b Department of Agriculture
300 _a16 p.
440 _aEUA. Dept. of Agriculture Farmers' bull.; 1094
_9169627
650 _aColias philodice curytheme Alfalfa
_x Plagas
_9169628
901 _aPA FOLLETO 2610
902 _aA
905 _a0000001920 WAS 0000000000 00
910 _a1920
942 _cPARA
942 _cPARA
_d1
999 _c203741
_d203741